00443nam a2200181Ia 4500008004000000020001800040041000800058082001800066100002400084245005000108260003200158300001200190650000900202650001300211650001100224650001200235650001400247210210b2018 xxu||||| |||| 00| 0 eng d a9789386215581 aeng a616.8498 SUBM aSUBRAMANIAM (Swami) aMastering sleep: the science of sleeping well aNew DelhibPan booksc2018 axix,255 awell asleeping asleep: ascience aMastering